Total War: Warhammer 3: Corruption Types - Statistics

General Stats
  • This quiz has been taken 41 times
  • The average score is 7 of 7
Answer Stats
Type % Correct
Nurgle
100%
Slaanesh
100%
Vampiric
100%
Khorne
97%
Skaven
91%
Tzeentch
91%
Chaos Undivided
78%
No matching quizzes found
Score Distribution
Percent of People with Each Score
Percentile by Number Answered
Your Score History
You have not taken this quiz